000 00584nam a2200217Ii 4500
003 JO-AjNU
008 230606s9999||||xx |||||||||||||| ||und||
020 _a978-0-07-179540-1
040 _aJO-AjNU
_beng
_erda
_cJO-AjNU
041 _aeng
050 1 4 _aQA445.R53.2013
100 3 _aRich,Barnett/Thomas,Christopher,
_eauthor
_94811
245 0 0 _aGeometry
250 _a5 ed
264 3 1 _aNew york:mc graw hill,2013
300 _a326p
336 _atext
_btxt
_2rdacontent
337 _aunmediated
_bn
_2rdamedia
338 _avolume
_bnc
_2rdacarrier
650 4 _aGeometry
_94812
999 _aE2491
_c2489
_d2489